20 villes françaises d'Ouest en Est - Statistiques

Statistiques générales
  • Ce quiz a été pris 211 fois
  • Le résultat moyen est 19 sur 20
Statistiques - réponses
Hint Réponse % Correct
1° 33 O Nantes
99%
1° 40 O Rennes
99%
0°34 O Bordeaux
97%
0°33 O Angers
96%
0° 11 E Le Mans
95%
1° 26 E Toulouse
95%
0° 06 E Le Havre
94%
2° 21 E Paris
94%
7° 45 E Strasbourg
94%
7° 16 E Nice
93%
3° 03 E Lille
92%
3° 52 E Montpellier
91%
4° 21 E Nîmes
91%
4° 23 E Saint-Etienne
91%
5° 55 E Toulon
91%
5° 02 E Dijon
90%
5° 43 E Grenoble
90%
4° 50 E Lyon
90%
5° 22 E Marseille
90%
4° 02 E Reims
90%
Aucun quiz correspondant
Distribution des résultats
% des personnes avec chaque résultat
Percentile par nombre de réponses
Votre historique - résultats
Vous n’avez pas pris ce quiz